<?xml version="1.0" encoding="UTF-8"?>
<record
    xmlns:xsi="http://www.w3.org/2001/XMLSchema-instance"
    xsi:schemaLocation="http://www.loc.gov/MARC21/slim http://www.loc.gov/standards/marcxml/schema/MARC21slim.xsd"
    xmlns="http://www.loc.gov/MARC21/slim">

  <leader>00621nam a22001817a 4500</leader>
  <datafield tag="999" ind1=" " ind2=" ">
    <subfield code="c">189114</subfield>
    <subfield code="d">189114</subfield>
  </datafield>
  <controlfield tag="005">20220620122451.0</controlfield>
  <datafield tag="010" ind1=" " ind2=" ">
    <subfield code="a">UR-11585</subfield>
  </datafield>
  <datafield tag="020" ind1=" " ind2=" ">
    <subfield code="a">23218339</subfield>
    <subfield code="c">50.00</subfield>
  </datafield>
  <datafield tag="035" ind1=" " ind2=" ">
    <subfield code="a">U-10140</subfield>
  </datafield>
  <datafield tag="037" ind1=" " ind2=" ">
    <subfield code="b">DBAD/PUB</subfield>
    <subfield code="a">-</subfield>
  </datafield>
  <datafield tag="082" ind1=" " ind2=" ">
    <subfield code="a">808.88</subfield>
  </datafield>
  <datafield tag="245" ind1=" " ind2=" ">
    <subfield code="a">&#x62A;&#x62D;&#x642;&#x6CC;&#x642;&#x627; &#x62A; &#x628;&#x633;&#x644;&#x627; &#x645;&#x6CC; /</subfield>
    <subfield code="c">&#x645;&#x62F; &#x6CC;&#x62F; - &#x633;&#x6CC;&#x651;&#x62F; &#x62C;&#x644;&#x627;&#x644; &#x627;&#x644;&#x62F; &#x6CC;&#x646; &#x639;&#x645;&#x631;&#x6CC;</subfield>
    <subfield code="h">&#x627; &#x631; &#x62F; &#x648;</subfield>
  </datafield>
  <datafield tag="246" ind1=" " ind2=" ">
    <subfield code="a">Tahqeeqat-E-Islami /</subfield>
    <subfield code="b">edited by Syed Jalaluddin Omari</subfield>
  </datafield>
  <datafield tag="260" ind1=" " ind2=" ">
    <subfield code="a">Aligarh</subfield>
    <subfield code="b">Idara-e-Tahqeeq-o-Tasneef-e-Islami</subfield>
    <subfield code="c">Jan-Mar 2022 &#x621;  </subfield>
  </datafield>
  <datafield tag="270" ind1=" " ind2=" ">
    <subfield code="a">Nabi Nagar</subfield>
    <subfield code="b">Aligarh</subfield>
    <subfield code="e">202002</subfield>
  </datafield>
  <datafield tag="300" ind1=" " ind2=" ">
    <subfield code="a">121 &#x635;</subfield>
    <subfield code="c">22cm(pbk)</subfield>
  </datafield>
  <datafield tag="942" ind1=" " ind2=" ">
    <subfield code="2">ddc</subfield>
    <subfield code="c">UR</subfield>
    <subfield code="h">808.88</subfield>
    <subfield code="m">&#x62A; &#x62D; &#x642;</subfield>
  </datafield>
  <datafield tag="952" ind1=" " ind2=" ">
    <subfield code="0">0</subfield>
    <subfield code="1">0</subfield>
    <subfield code="4">0</subfield>
    <subfield code="7">0</subfield>
    <subfield code="8">NFIC</subfield>
    <subfield code="a">L</subfield>
    <subfield code="b">L</subfield>
    <subfield code="d">2022-06-20</subfield>
    <subfield code="e">DBAD/PUB</subfield>
    <subfield code="g">50.00</subfield>
    <subfield code="l">0</subfield>
    <subfield code="o">808.88 &#x62A; &#x62D; &#x642;</subfield>
    <subfield code="p">U-10140</subfield>
    <subfield code="r">2022-06-20 00:00:00</subfield>
    <subfield code="t">1</subfield>
    <subfield code="v">50.00</subfield>
    <subfield code="w">2022-06-20</subfield>
    <subfield code="y">UR</subfield>
  </datafield>
</record>
